Normal view
MARC view
Entry Personal Name
001 - CONTROL NUMBER
- control field: 1655
003 - CONTROL NUMBER IDENTIFIER
- control field: BD-DhCDI
005 - DATE AND TIME OF LATEST TRANSACTION
- control field: 20251112050224.0
008 - FIXED-LENGTH DATA ELEMENTS
- fixed length control field: 251112|| aca||aabn | a|a d
040 ## - CATALOGING SOURCE
- Original cataloging agency: BD-DhCDI
- Transcribing agency: BD-DhCDI
100 ## - HEADING--PERSONAL NAME
- Personal name: ভুইয়া, আমিনুল ইসলাম
670 ## - SOURCE DATA FOUND
- Source citation: Work cat.: (BD-DhCDI)904: আইনস্টাইন, আলবার্ট লেখক 1652, আলবার্ট আইনস্টাইন:নির্বাচিত বিজ্ঞান ও দর্শন বিষয়ক রচনা এবং উদ্ধৃতি :, 2024.